Islamic psychology: (Record no. 11571)

MARC details
000 -LEADER
fixed length control field 00759 a2200205 4500
010 ## - LIBRARY OF CONGRESS CONTROL NUMBER
LC control number ENG-89880
020 ## - INTERNATIONAL STANDARD BOOK NUMBER
Terms of availability 590.00
International Standard Book Number 818220139X
035 ## - SYSTEM CONTROL NUMBER
System control number EN-73413
037 ## - SOURCE OF ACQUISITION
Source of stock number/acquisition DBAD / PUB
082 14 - DEWEY DECIMAL CLASSIFICATION NUMBER
Classification number 270.261
090 ## - LOCALLY ASSIGNED LC-TYPE CALL NUMBER (OCLC); LOCAL CALL NUMBER (OCLC)
-- 11925
-- 11925
100 1# - MAIN ENTRY--PERSONAL NAME
Personal name Akbar Husain
245 1# - TITLE STATEMENT
Title Islamic psychology:
Statement of responsibility, etc by Akbar Husain
Remainder of title emergence of a new field/
260 ## - PUBLICATION, DISTRIBUTION, ETC. (IMPRINT)
Place of publication, distribution, etc New Delhi
Name of publisher, distributor, etc Global Vision Publishing House
Date of publication, distribution, etc 2006
270 ## - ADDRESS
Address F-4, 1st Floor, `Hari Sadan' 20, Ansari Road, Daryaganj,
City New Delhi
Postal code 110 002
State or province Delhi
Telephone number 32971125,
300 ## - PHYSICAL DESCRIPTION
Extent xiii, 222p.
Dimensions 23 cm ( Hb)
500 ## - GENERAL NOTE
General note Includes bibliographical references & index.
942 ## - ADDED ENTRY ELEMENTS (KOHA)
Institution code [OBSOLETE] dpl
Koha item type English Books
Call number prefix 270.261 / AKB
Holdings
Withdrawn status Lost status Source of classification or shelving scheme Damaged status Not for loan Collection code Home library Current library Source of acquisition Cost, normal purchase price Total Checkouts Full call number Barcode Date last seen Copy number Uniform Resource Identifier Cost, replacement price Price effective from Koha item type
    Dewey Decimal Classification   Not For Loan Non-fiction D.B.Act.Division D.B.Act.Division DBAD/PUB 590.00   270.261 AKB EN-73413 15/09/2008 1 12685 590.00 15/09/2008 English Books

© Delhi Public Library
Hit Counter
free hit counter